000 00594nam a2200169Ia 4500
005 20250508163357.0
008 008 250505s9999 xx 000 0 eng d
037 _aReference
040 _aFEDL
_beng
_cFEDL
041 _aeng
_2eng
084 _a379.154, NCE
_qFEDL
245 0 _aReport of national symposium on child-centred eduction: Different approaches including behavioural approach
245 0 _cNCERT (New Delhi India)
260 _aNew Delhi, India
_bNational Council of Educational Research and Training
942 _cREF
_h379.154, NCE
999 _c1382667
_d1382667